000 00772cam a22002171 4500
001 agr28000867
003 DLC
005 20260227110947.0
008 750813s1927 fr af b 000 0 eng
010 _aagr28000867
035 _a(OCoLC)1542097
040 _aDLC
_cFMU
_dDLC
050 0 0 _aQL391.C4
_bB25
100 1 _aBaer, Jean Georges,
_d1902-
245 0 0 _a...Monographic des cestodes de la famille des Anoplocephalidae,
_cpar Jean-G. Baer...
260 _aParis,
_bLes presses universitaires de France; [etc., etc.]
_c1927.
300 _avi, 241 [8] p.
_billus., IV fold. pl., diagrs.
_c26 cm.
490 0 _aSupplements an Bulletin biologique de France et de Belgique. Supplement X.
504 _a"Index bibliographique": p. [232]-241.
650 0 _aAnoplocephalidae.
999 _c9186
_d9186